| 000 | 00392cam a22001458a 4500 | ||
|---|---|---|---|
| 020 | _a9780470659137 (hardback : alk. paper) | ||
| 040 | _cDNAL | ||
| 082 | 0 | 0 | _a632 VAN 2013 A006 Or. |
| 100 | 1 | _aVan Emden, Helmut Fritz. | |
| 245 | 1 | 0 | _aHandbook of agricultural entomology / |
| 260 |
_aHoboken, NJ : _bWiley-Blackwell, _c2013. |
||
| 300 | _ap. cm. | ||
| 650 | 0 | _aInsect pests | |
| 942 | _cAEDBB | ||
| 999 |
_c20766 _d20766 |
||